01687cam a22003977a 4500003000500000005001700005008004100022010001000063011001000073035001000083040000900093090001700102100004000119245003300159260003000192300000900222490003000231590004100261590004100302590004100343590004100384590004100425590004200466650002000508710009700528830003800625901000700663942000900670949005700679949006200736949006200798999001700860952013400877952013901011952013901150CHAP20220329135224.0971013s1977 r 00010 d a32861 a33833 a37949 cCHAP aFolleto 666100aLópez Rodríguez, Elvira.96828913aEl parámetro cronológico aMéxico :bANUIES,c1977 a2 v. 0aTemas básicos. Historia aBATCH-UPDb10c20130110lUCH01h0149 aBATCH-UPDb10c20130110lUCH01h2250 aBATCH-UPDb10c20130409lUCH01h2149 aBATCH-UPDb10c20130410lUCH01h1543 aBATCH-UPDb10c20130914lUCH01h0420 aCONVERSIONb10c20130109lUCH01h131814aHistoria9556000 aAsociación Nacional de Universidades e Institutos de Enseñanza Superior. México.980950 aTemas básicos. Historia9112133 aBK cFOLL aFolleto 6661bBCcFOLLd-86935eTS1i37949sit75.00 aFolleto 6661bBCcFOLLd-86936eTS2fc.2i37949sit75.00 aFolleto 6661bBCcFOLLd-86937eTS2fc.3i37949sit75.00 c32861d32861 00102local4051708FOLLaBCbBCcPA_FOLLETOSd2012-12-17fFOLLl0oFolleto 6661p-86935r2019-12-31 00:00:00w2012-12-17yFOLL 00102local4053708FOLLaBCbBCcPA_FOLLETOSd2012-12-17fFOLLl0oFolleto 6661p-86936r2019-12-31 00:00:00tc.2w2012-12-17yFOLL 00102local4053708FOLLaBCbBCcPA_FOLLETOSd2012-12-17fFOLLl0oFolleto 6661p-86937r2019-12-31 00:00:00tc.3w2012-12-17yFOLL